Les pays organisateurs du Championnat d'Europe de football - Statistiques

Statistiques générales
  • Ce quiz a été pris 35 fois
  • Le résultat moyen est 17 sur 20
Statistiques - réponses
Années Pays hôte % Correct
1988; 2020; 2024 Allemagne de l'Ouest / Allemagne
100%
1960; 1984; 2016 France
100%
2004 Portugal
100%
1964; 2020 Espagne
96%
1968; 1980, 2020 Italie
96%
1996; 2020 Angleterre
92%
2008 Autriche
88%
1972; 2000 Belgique
88%
2000; 2020 Pays-Bas
88%
2012 Ukraine
88%
2012 Pologne
85%
2020 Russie
85%
1992 Suède
85%
2008 Suisse
81%
2020 Hongrie
77%
2020 Roumanie
73%
2020 Danemark
69%
1976 Yougoslavie
62%
2020 Ecosse
50%
2020 Azerbaïdjan
46%
Aucun quiz correspondant
Distribution des résultats
% des personnes avec chaque résultat
Percentile par nombre de réponses
Votre historique - résultats
Vous n’avez pas pris ce quiz